000 00429nam a22001697a 4500
003 OSt
008 251219b |||||||| |||| 00| 0 eng d
082 _a631.53
_bT78S
100 _aTripathi, Uma Shankar.
245 _aStability Analysis in Linseed (Linum usitatissimum L.)
260 _apusa, Samastipur
_bRAU
_c1993
300 _a152p.
650 _aPlant Breeding
650 _aThesis
650 _aM. Sc.
942 _2ddc
_cT
999 _c49554
_d49554